Geometría iii /
Guardado en:
| Autor Principal: | |
|---|---|
| Otros Autores: | , |
| Formato: | Libro |
| Publicado: |
Buenos Aires :
Estrada,
1971
|
| Edición: | 18a. ed. |
| Materias: | |
| Etiquetas: |
Agregar Etiqueta
Sin Etiquetas, Sea el primero en etiquetar este registro!
|
| LEADER | 01386nam a22002535a 4500 | ||
|---|---|---|---|
| 001 | CEM.cems000394 | ||
| 008 | 130507s1971##################000#0#####d | ||
| 005 | 20241210112333.0 | ||
| 245 | 1 | 0 | |a Geometría iii / |c Lidia E. Alcántara ; raquel T. Lomazzi ; félix Mina |
| 250 | |a 18a. ed. | ||
| 260 | |a Buenos Aires : |b Estrada, |c 1971 | ||
| 300 | |a 184 p. | ||
| 500 | |a Texto de acuerdo con el programa oficial del 3er. año del ciclo básico de la enseñanza secundaria y de las escuelas nacionales de comercio | ||
| 505 | 0 | |a Vectores -- Propiedades de los segmentos determinados por tres o más paralelas sobre dos transversales -- Cantidades proporcionales -- Teorema de Thales -- Triángulos -- Casos de semejanza de triángulos -- Polígonos semejantes -- Propiedades de la semejanza de polígonos -- Teorema fundamental de semejanza de polígonos -- Funciones trigonométricas -- Producto escalar de vectores -- Proyecciones sobre un eje -- Polígonos regulares -- Semejanza de polígonos del mismo número de lados -- Superficies de figuras circulares | |
| 100 | 1 | |a Alcántara, Lidia E. | |
| 700 | 1 | |a Lomazzi, Raquel T. | |
| 700 | 1 | |a Mina, Félix | |
| 082 | 0 | 4 | |a 513 |
| 653 | |a Geometría | ||
| 653 | |a Matemática | ||
| 653 | |a Polígonos | ||
| 653 | |a Producto escalar | ||
| 653 | |a Segmentos proporcionales | ||
| 859 | |a CEMS |b BIB. CEMS - 11 de abril |h 513 |i Al16a18 |p 3277.74 |t Ej.1 |v III |3 III | ||
